Rugby Quiz - Club Top 14 #1 - Statistiques

Statistiques générales
  • Ce quiz a été pris 294 fois
  • Le résultat moyen est 9 sur 14
Statistiques - réponses
Hint Réponse % Correct
Combien de fois La Rochelle a-t-elle remporté la Champions Cup ? 2
97%
Quelle est l'année du dernier titre remporté par le Stade Français en Top 14 ? 2015
82%
En quelle année le RC Vannes a-t-il accédé pour la première fois au Top 14 ? 2024
80%
Combien de finales de Top 14 l’ASM Clermont Auvergne a-t-elle perdues avant de remporter son premier titre ? 10
79%
Quel joueur emblématique du rugby Français a commencé sa carrière professionnelle au Castres Olympique ? Antoine Dupont
78%
Quelle est la musique populaire des supporters de l'Aviron Bayonnais ? Peña Baiona
78%
En quelle année le LOU Rugby a-t-il retrouvé l'élite du rugby français après une période en Pro D2 ? 2016
77%
Quel joueur du Stade Toulousain détient le record du plus grand nombre d'essais inscrits en Top 14 ? Vincent Clerc
75%
En quelle année l’USAP a-t-elle remporté son dernier titre de champion de France ? 2009
72%
Contre quelle équipe Montpellier a-t-il remporté son premier Bouclier de Brennus ? Castres
64%
Quel entraîneur a mené le RCT à trois titres consécutifs en Champions Cup ? Bernard Laporte
48%
Quel est le dernier titre majeur remporté par la Section Paloise ? Le Challenge Européen
39%
Quel est le dernier joueur de l’UBB à avoir remporté le titre de meilleur joueur du Top 14 ? Matthieu Jalibert
35%
Quel est le premier titre national remporté par le Racing 92 depuis l’ère professionnelle ? Le Bouclier de Brennus
19%
Aucun quiz correspondant
Distribution des résultats
% des personnes avec chaque résultat
Percentile par nombre de réponses
Votre historique - résultats
Vous n’avez pas pris ce quiz